000 00339nam a2200157Ia 4500
003 OSt
005 20240123101706.0
008 170523s9999 xx 000 0 und d
020 _a818054771X
040 _cIIMT
100 _aSWARUP- KANTI
245 0 _aOPERATION RESEARCH
260 _bSULTAN CHAND SONS
260 _c2000
942 _2ddc
_c02
999 _c72
_d72